000 00438nam a22001817a 4500
005 20260529130529.0
008 260529b |||||||| |||| 00| 0 eng d
020 _a9788121998697
_c365.00
040 _aMAIN
041 _aEnglish
082 _a 658.409
_bALE
100 _aAlex, K.
_926933
245 _aManagerial Skills
260 _aUttar Pradesh
_bS. Chand
_c2016
300 _a177
650 _aCompetitive Books
942 _cBK
999 _c60912
_d60912